| 000 | 00577nam a2200217 4500 | ||
|---|---|---|---|
| 003 | OSt | ||
| 005 | 20240620075724.0 | ||
| 006 | a | ||
| 008 | 240620b |||||||| |||| 00| 0 eng d | ||
| 020 | _a9780071747998 | ||
| 040 |
_aDWCL-Main lib. _cOC |
||
| 082 | _aCirc. 005.74 Op62d 2011 | ||
| 100 | _aOppel, Andy | ||
| 245 | _aDatabases demystified / | ||
| 260 |
_aN.Y. : _bMcGraw-Hill, _cc2011. |
||
| 300 |
_axvi, _b430 p. : ill. ; _c23 cm. |
||
| 504 | _aIncludes index. | ||
| 650 | _a1. Databse management. | ||
| 650 | _a2. Databases. | ||
| 942 |
_2ddc _n0 _cBK-CIRC _kCirc. |
||
| 999 |
_c1010 _d1010 |
||